• 首页
  • 本馆介绍
  • 公告通知
  • 最新文献
  • 馆藏检索
  • 电子资源
  • 读者导购
  • 参考咨询
  • 我的图书馆
  • 登录
  • 详细信息显示
  • 放入我的书架
  • 预约/预借图书
  • 作者相关作品
  • 分类相关作品
  • 丛书相关作品
  • 出版社相关作品

书目信息

  • 表格格式
  • 工作单格式
  • 卡片格式
题名:
小微企业会计操作指南
    
 
作者: 赵丽生 主编
分册:  
出版信息: 大连   大连出版社  2013
页数: 284页
开本: 24cm
丛书名: 中小微企业管理丛书
单 册:
中图分类: F276.3-62 , F276.3
科图分类:
主题词: 中小企业--会计--指南
电子资源:
ISBN: 978-7-5505-0593-3
000 01024nam 2200265 450
001 2347283156
005 20231203130820.03
010    @a978-7-5505-0593-3@dCNY38.00
100    @a20131018d2013 em y0chiy50 ea
101 0  @achi
102    @aCN@b210000
105    @aak a 000yy
200 1  @a小微企业会计操作指南@Axiao wei qi ye kuai ji cao zuo zhi nan@f赵丽生主编
210    @a大连@c大连出版社@d2013
215    @a284页@c图@d24cm
225 2  @a中小微企业管理丛书@Azhong xiao wei qi ye guan li cong shu
320    @a有书目
330    @a本教材具体讲述了会计岗位与工作流程、填制与审核会计凭证、建账与登账、结账和对账、编制会计报表、资产业务账务处理、负债业务账务处理、所有者权益账务处理、收入和利得账务处理、费用和损失账务处理、成本计算、主要经济事项会计制度设计和会计档案管理等内容。
410  0 @12001 @a中小微企业管理丛书
606 0  @a中小企业@x会计@j指南
690    @aF276.3-62@v5
690    @aF276.3@v4
701  0 @a赵丽生@Azhao li sheng@4主编
801  0 @aCN@b湖北三新@c20131225
905    @aZUCC@dF276.3@e285
    
    小微企业会计操作指南/赵丽生主编.-大连:大连出版社,2013
    284页:图;24cm.-(中小微企业管理丛书)
    
    
    ISBN 978-7-5505-0593-3:CNY38.00
    本教材具体讲述了会计岗位与工作流程、填制与审核会计凭证、建账与登账、结账和对账、编制会计报表、资产业务账务处理、负债业务账务处理、所有者权益账务处理、收入和利得账务处理、费用和损失账务处理、成本计算、主要经济事项会计制度设计和会计档案管理等内容。
●
相关链接 在五车中查询图书 在当当中查询图书 在豆瓣中查询图书


正题名:小微企业会计操作指南     索取号:F276.3/285         预约/预借

序号 登录号 条形码 馆藏地/架位号 状态 备注
1 2001307881   2001307881   三新/湖北三新(第三批)/896/ [索取号:F276.3/285] 在馆    
2 2001307882   2001307882   三新/湖北三新(第三批)/896/ [索取号:F276.3/285] 在馆    
3 2001307883   2001307883   三新/湖北三新(第三批)/896/ [索取号:F276.3/285] 在馆    
4 2001307884   2001307884   三新/湖北三新(第三批)/896/ [索取号:F276.3/285] 在馆    
5 2001307885   2001307885   三新/湖北三新(第三批)/896/ [索取号:F276.3/285] 在馆    
6 2001307886   2001307886   三新/湖北三新(第三批)/896/ [索取号:F276.3/285] 在馆    
7 2001307887   2001307887   三新/湖北三新(第三批)/896/ [索取号:F276.3/285] 在馆    
8 2001307888   2001307888   三新/湖北三新(第三批)/896/ [索取号:F276.3/285] 在馆    
9 2001307889   2001307889   三新/湖北三新(第三批)/896/ [索取号:F276.3/285] 在馆    
10 2001307890   2001307890   三新/湖北三新(第三批)/896/ [索取号:F276.3/285] 在馆    
11 2001307891   2001307891   三新/湖北三新(第三批)/896/ [索取号:F276.3/285] 在馆    
12 2001307892   2001307892   三新/湖北三新(第三批)/896/ [索取号:F276.3/285] 在馆    
13 2001307893   2001307893   三新/湖北三新(第三批)/896/ [索取号:F276.3/285] 在馆    
14 2001307894   2001307894   三新/湖北三新(第三批)/896/ [索取号:F276.3/285] 在馆    
15 2001307895   2001307895   三新/湖北三新(第三批)/896/ [索取号:F276.3/285] 在馆    
16 2001307896   2001307896   三新/湖北三新(第三批)/896/ [索取号:F276.3/285] 在馆    
17 2001307897   2001307897   三新/湖北三新(第三批)/896/ [索取号:F276.3/285] 在馆    
18 2001307898   2001307898   三新/湖北三新(第三批)/896/ [索取号:F276.3/285] 在馆    
19 2001307899   2001307899   三新/湖北三新(第三批)/896/ [索取号:F276.3/285] 在馆    
20 2001307900   2001307900   三新/湖北三新(第三批)/896/ [索取号:F276.3/285] 在馆    
21 2001307901   2001307901   三新/湖北三新(第三批)/896/ [索取号:F276.3/285] 在馆    
22 2001307902   2001307902   三新/湖北三新(第三批)/896/ [索取号:F276.3/285] 在馆    
23 2001307903   2001307903   三新/湖北三新(第三批)/896/ [索取号:F276.3/285] 在馆    
24 2001307904   2001307904   三新/湖北三新(第三批)/896/ [索取号:F276.3/285] 在馆    
25 2001307905   2001307905   三新/湖北三新(第三批)/896/ [索取号:F276.3/285] 在馆    
26 2001307906   2001307906   三新/湖北三新(第三批)/896/ [索取号:F276.3/285] 在馆    
27 2001307907   2001307907   三新/湖北三新(第三批)/896/ [索取号:F276.3/285] 在馆    
28 2001307908   2001307908   三新/湖北三新(第三批)/896/ [索取号:F276.3/285] 在馆    
29 2001307909   2001307909   三新/湖北三新(第三批)/896/ [索取号:F276.3/285] 在馆    
30 2001307910   2001307910   三新/湖北三新(第三批)/896/ [索取号:F276.3/285] 在馆    
山东省滨州职业学院图书馆 欢迎您!
大连网信软件有限公司© 版权所有